| 000 | 00926cam a22002413a 4500 | ||
|---|---|---|---|
| 001 | 19938 | ||
| 003 | PGUSA | ||
| 005 | 20140828083424.0 | ||
| 008 | 061127s2006||||xxu|||||s|||||000 p eng d | ||
| 040 |
_aPGUSA _beng |
||
| 042 | _adc | ||
| 050 | 4 | _aPR | |
| 100 | 1 |
_aWilson, John, _d1785-1854 |
|
| 245 | 1 | 0 |
_aRecreations of Christopher North, Volume 2 _h[electronic resource] / _cJohn Wilson |
| 260 |
_bProject Gutenberg, _c2006 |
||
| 505 | 0 | _aMay-day -- Sacred poetry -- Christopher in his aviary -- Dr Kitchiner -- Soliloquy on the seasons -- A few words on Thomson -- The Snowball Bicker of Pedmount -- Christmas dreams -- Our winter quarters -- Stroll to Grassmere -- L'envoy -- Remarks on the scenery of the Highlands. | |
| 506 | _aPublic domain in the USA. | ||
| 516 | _aElectronic text | ||
| 653 | _aEssays | ||
| 830 | 0 |
_aProject Gutenberg _v19938 |
|
| 856 | 4 | 0 | _uhttp://www.gutenberg.org/ebooks/19938 |
| 942 | _cEB | ||
| 999 |
_c249193 _d249193 |
||